[Event "Martinique-ch"]
[Site "Madiana"]
[Date "2016.05.05"]
[Round "1"]
[White "Lebon, Nicolas"]
[Black "Gouacide, Jean Ernest Pascal"]
[Result "1-0"]
[WhiteElo "1874"]
[BlackElo "1648"]
[PlyCount "97"]
[EventDate "2016.05.05"]
[EventType "tourn"]
[EventRounds "11"]
[EventCountry "MFR"]
[SourceTitle "EXT 2019"]
[Source "ChessBase"]
[SourceDate "2018.10.10"]
[SourceVersion "1"]
[SourceVersionDate "2018.10.10"]
[SourceQuality "1"]

1. f4 Nf6 2. Nf3 d5 3. e3 e6 4. b3 Be7 5. Bb2 0-0 6. Bd3 Nbd7 7. Nc3 a6 8. 0-0 b5 9. Ne2 Ne4 10. Ng3 Nxg3 11. hxg3 f5 12. Kf2 Bf6 13. Bxf6 Nxf6 14. Ne5 Bb7 15. c3 c5 16. Rh1 c4 17. Bc2 Qd6 18. g4 Ne4+ 19. Kg1 g6 20. Qe1 Qd8 21. g5 b4 22. Qh4 Qe7 23. Nxg6 Qg7 24. Nxf8 Rxf8 25. Bxe4 dxe4 26. Qh6 Bd5 27. Qxg7+ Kxg7 28. cxb4 Rb8 29. bxc4 Bxc4 30. a3 Rd8 31. Rc1 Bb5 32. Rc7+ Rd7 33. Rxd7+ Bxd7 34. Kf2 Bb5 35. Rc1 Kg6 36. Rc7 Ba4 37. Ke1 h6 38. gxh6 Kxh6 39. Re7 Bb3 40. Ra7 Bc4 41. a4 Kg6 42. Rc7 Bd3 43. Rc5 Kf6 44. b5 axb5 45. axb5 Ke7 46. b6 Ba6 47. b7 Bxb7 48. Rc7+ Kd6 49. Rxb7 1-0

[Event "Martinique-ch"]
[Site "Fort de France"]
[Date "2012.05.17"]
[Round "1.10"]
[White "Gouacide, Jean Ernest Pascal"]
[Black "Suez Panama, Gilles"]
[Result "0-1"]
[WhiteElo "1670"]
[BlackElo "2025"]
[PlyCount "75"]
[EventDate "2012.05.??"]
[EventType "swiss"]
[EventRounds "9"]
[EventCountry "MFR"]
[SourceTitle "EXT 2014"]
[Source "ChessBase"]
[SourceDate "2013.11.20"]
[SourceVersion "1"]
[SourceVersionDate "2013.11.20"]
[SourceQuality "1"]

1. e4 e6 2. d4 d5 3. Nc3 Nf6 4. e5 Nfd7 5. f4 c5 6. Nf3 Nc6 7. Be3 cxd4 8. Nxd4 Bc5 9. Nxc6 bxc6 10. Bxc5 Nxc5 11. Qd2 Rb8 12. b3 0-0 13. Be2 Qb6 14. Rf1 d4 15. Qxd4 Rd8 16. Qe3 Nd3+ 17. Qxd3 Rxd3 18. Bxd3 Qe3+ 19. Ne2 a5 20. a4 g6 21. Rf3 Qb6 22. h4 h5 23. Rd1 Bb7 24. Rg3 Rd8 25. Kf1 Ba6 26. Rf3 Qb4 27. Kf2 c5 28. Kg3 c4 29. c3 Qxb3 30. Bc2 Qb6 31. Nd4 Bb7 32. Rb1 Qc7 33. Rf2 Bd5 34. Rd2 Rb8 35. Nb5 Qc5 36. Re2 Bc6 37. Nd4 Rxb1 38. Bxb1 0-1